00614nam a2200181Ia 4500952014700000999001700147003000400164005001700168008004100185040000900226082002200235100002900257245003300286260004200319300000900361650001200370942005000382 00102ddc40708SSaMESbMEScMALd2019-02-20g125.00l2m2o894.812301 PAN/Mp37926r2022-10-31 00:00:00s2022-10-14w2019-02-20yBKzGR30R3 c29990d29990OSt20201229123925.0190216s9999||||xx |||||||||||||| ||und|| coclc a894.812301bPAN/M aPanniyath, Ganesh 97943 0aMakalkku /cGanesh Panniyath bLipi Publications,c2006.aKozhikode: a240p aStories cBK2ddch894.812301iPAN/Mk894.812301mPAN/M